Statistics for Countries by Per Capita Oil Consumption

Click here to take the quiz!

General Stats

  • This quiz has been taken 156 times
  • The average score is 9 of 20

Answer Stats

ConsumptionCountry% Correct
61.02United States
99%
64.40Canada
87%
99.61Saudi Arabia
82%
85.06Qatar
76%
102.55United Arab Emirates
75%
133.77Kuwait
74%
201.74Singapore
59%
60.31Netherlands
44%
59.65Belgium
42%
55.65Iceland
40%
118.84Luxembourg
38%
51.48Libya
30%
110.70Bahamas
26%
138.62Nauru
20%
69.33Greenland
19%
74.33Aruba
17%
92.79Cook Islands
14%
56.17Antigua and Barbuda
13%
90.78Faroe Islands
13%
88.87Seychelles
12%

Score Distribution

Percentile by Number Answered

Percent of People with Each Score

Your Score History

You have not taken this quiz